00784nam a2200193 a 450000100060000000300090000600800410001502000130005604000280006924500180009726000310011530000080014650000380015450501390019259000930033194200120042499900170043695201370045322051CO-ViMGA141112s2004 ck r 000 u spa d a01216325 aCO-ViMGAbspacCO-ViMGA10aAxxis No. 171 aPanamá : blegis, c2007 a105 aFecha : 2007. Vol. y núm. : 171 aArquitectura Una ventana hacia el paisaje 28 - - Decoracion La casa exuberante 40 - - Especial automoviles Diseño en movimiento 86  aForma de adquisición : Suscripción 2007 - - Fecha de adquisición : Septiembre 2007 2ddccBK c30545d30545 01102ddc44708005aMEVIECARbMEVIECARd2015-12-04hVolumen. 1 | 11/jun/2009l0p22051r2015-12-04 00:00:00tEj. 1w2015-12-04yBK